Sinh lý học thực vật T.3 Sinh lý học thực vật

Trình bày quá trình sinh trưởng và phát triển thực vật. ảnh hưởng của ngoại cảnh đến quá trình sinh trưởng của cây. Sinh lý quá trình ra hoa, thụ phấn, tạo thành quả. Tính chống chịu nóng, rét, hạn, mặn và khả năng chống bệnh của thực vật...

全面介绍

Đã lưu trong:
书目详细资料
主要作者: Phạm Đình Thái (Chủ biên)
其他作者: Lê Dụ (Tác giả), Trần Văn Hồng (Tác giả)
格式: 图书
语言:Vietnamese
出版: H. Giáo dục 1978
版:In lần thứ 2
丛编:Sách đại học sư phạm
主题:
标签: 添加标签
没有标签, 成为第一个标记此记录!
Thư viện lưu trữ: Mạng thư viện Đại học Đà Nẵng
LEADER 01627nam a2200397 4500
001 000009134
003 5329
005 20111025091049.0
008 111025s1978 viesd
020 |c 1đ 
041 0 |a vie 
082 |a 571.2  |b PH-T 
100 0 |a Phạm Đình Thái  |e Chủ biên 
245 1 0 |a Sinh lý học thực vật  |c Phạm Đình Thái(Chủ biên); Lê Dụ - Trần Văn Hồng(Tác giả)  |n T.3  |p Sinh lý học thực vật 
250 |a In lần thứ 2 
260 |a H.  |b Giáo dục  |c 1978 
300 |a 79 tr.  |c 24 cm 
490 |a Sách đại học sư phạm 
520 |a Trình bày quá trình sinh trưởng và phát triển thực vật. ảnh hưởng của ngoại cảnh đến quá trình sinh trưởng của cây. Sinh lý quá trình ra hoa, thụ phấn, tạo thành quả. Tính chống chịu nóng, rét, hạn, mặn và khả năng chống bệnh của thực vật 
653 |a Sinh lí học 
653 |a giáo trình 
653 |a sinh sản 
700 |a Lê Dụ  |e Tác giả 
700 |a Trần Văn Hồng  |e Tác giả 
773 |t Sinh lý học thực vật  |w 5325 
910 |a duyên 
OWN |a LSP 
AVA |a UDN50  |b LSP  |d 571.2 PH-T  |e unavailable  |t Error 5002 Not defined in file expand_doc_bib_avail.  |f 1  |g 1  |h N  |i 0  |k 1 
999 |a From the UDN01 
AVA |a UDN50  |b LSP  |d 571.2 PH-T  |e unavailable  |t Error 5002 Not defined in file expand_doc_bib_avail.  |f 1  |g 1  |h N  |i 0  |k 1 
TYP |a Monograph 
TYP |a Printed language 
980 |a Mạng thư viện Đại học Đà Nẵng